Normal view
MARC view
Entry Topical Term
001 - CONTROL NUMBER
- control field: 39929
003 - CONTROL NUMBER IDENTIFIER
- control field: ARRUPE
005 - DATE AND TIME OF LATEST TRANSACTION
- control field: 20180301092538.0
008 - FIXED-LENGTH DATA ELEMENTS
- fixed length control field: 180301|| aca||aabn | a|a d
040 ## - CATALOGING SOURCE
- Original cataloging agency: ARRUPE
- Transcribing agency: ARRUPE
150 ## - HEADING--TOPICAL TERM
- Topical term or geographic name as entry element: Abortion
670 ## - SOURCE DATA FOUND
- Source citation: Work cat.: (ARRUPE): Biemans, Ward 39928, The heart and the abyss , 2016